MARC

LEADER 00000nab a2200000 a 4500
001 vtls011619857
003 SK-MaSNL
005 20260318132745.0
008 170323 2017 xo q| 000 02hun
015 |a SNBRB2017/03 
038 |a DSZK 
040 |a DSZK  |b slo  |c DSZK  |e AACR2 
041 0 |a hun 
044 |a xo  |c SK 
080 |a 373.2/.3  |x (=511.141)  |x (437.6)  |2 2011 
100 1 |a Fekete, Anikó  |4 aut  |9 840988 
245 1 0 |a Móricz-világ  |c Fekete Anikó, Varga Norbert 
610 2 7 |a Základná škola s materskou školou Zsigmonda Móricza s vyučovacím jazykom maďarským (Orechová Potôň, Slovensko)  |2 dszk  |9 1086773 
650 0 7 |a základné školy s vyučovacím jazykom maďarským  |2 dszk  |9 87207 
651 7 |a Orechová Potôň (Slovensko)  |2 SNKPH  |9 75051 
700 1 |a Varga, Norbert  |4 aut  |9 353320 
773 0 |t Diósförgepatonyi hírlap  |g Évf. III, sz. 1 (2017), o. 3  |x 2453-7241 
852 |a DSZK  |b KIS3GCP 
958 |a HU 
958 |a SK 
999 |c 2149293  |d 2151223